Mladí ľudia na trhu práce: pred a počas pandémie COVID-19

Mladí ľudia a zhoršené podmienky v ekonomike a na trhu práce. Miera nezamestnanosti mladých ľudí. Vplyv krízy spojenej s pandémiou COVID-19 na mladých ľudí na pracovnom trhu. Vývoj počtu uchádzačov o zamestnanie.

Guardado en:
Detalles Bibliográficos
Autor principal: Klimko, Roman, 1985-
Formato: Capítulo de libro
Lenguaje:eslovaco
Materias:
Etiquetas: Agregar Etiqueta
Sin Etiquetas, Sea el primero en etiquetar este registro!

MARC

LEADER 00000naa$a2200000$$$4500
001 0287613
005 20240502083917.7
041 0 |a slo 
044 |a CZ 
245 1 0 |a Mladí ľudia na trhu práce: pred a počas pandémie COVID-19  |c Roman Klimko 
520 |a Mladí ľudia a zhoršené podmienky v ekonomike a na trhu práce. Miera nezamestnanosti mladých ľudí. Vplyv krízy spojenej s pandémiou COVID-19 na mladých ľudí na pracovnom trhu. Vývoj počtu uchádzačov o zamestnanie. 
610 2 0 |a nezamestnanosť 
610 2 0 |a trh práce 
610 2 0 |a koronavírus 
100 1 |a Klimko, Roman, 1985-